Aviation law for pilots, 9/e (Record no. 238043)
[ view plain ]
| 000 -LEADER | |
|---|---|
| fixed length control field | 00291 a2200121 4500 |
| 001 - CONTROL NUMBER | |
| control field | 2970 |
| 082 ## - DEWEY DECIMAL CLASSIFICATION NUMBER | |
| Classification number | 343.41097 / 0246291UND |
| 090 ## - LOCALLY ASSIGNED LC-TYPE CALL NUMBER (OCLC); LOCAL CALL NUMBER (RLIN) | |
| -- | 2261 |
| -- | 2261 |
| 100 ## - MAIN ENTRY--PERSONAL NAME | |
| Personal name | Underdown, R.B |
| 245 ## - TITLE STATEMENT | |
| Title | Aviation law for pilots, 9/e |
| 250 ## - EDITION STATEMENT | |
| Edition statement | 9 |
| 260 ## - PUBLICATION, DISTRIBUTION, ETC. | |
| Place of publication, distribution, etc. | RoberHale |
| Name of publisher, distributor, etc. | Black |
| Date of publication, distribution, etc. | 1989 |
| 942 ## - ADDED ENTRY ELEMENTS (KOHA) | |
| Institution code [OBSOLETE] | NUST-CAE |
| Call number prefix | 343.41097 / 0246291UND |
| Withdrawn status | Lost status | Damaged status | Not for loan | Collection code | Permanent Location | Current Location | Date acquired | Total Checkouts | Full call number | Barcode | Date last seen | Price effective from | Koha item type |
|---|---|---|---|---|---|---|---|---|---|---|---|---|---|
| College of Aeronautical Engineering (CAE) | College of Aeronautical Engineering (CAE) | 04/03/2017 | 343.41097 / 0246291UND | CAE65812 | 04/05/2017 | 04/05/2017 | Book | ||||||
| College of Aeronautical Engineering (CAE) | College of Aeronautical Engineering (CAE) | 04/03/2017 | 343.41097 / 0246291UND | CAE67680a | 04/05/2017 | 04/05/2017 | Book |
